| 000 | 00397nam a2200181Ia 4500 | ||
|---|---|---|---|
| 100 | _aSilberchatz/A/ Galvin/P.B | ||
| 650 | _aOperating systems | ||
| 250 | _a8 | ||
| 942 | _cBK | ||
| 366 | _f25 | ||
| 654 | _aoperating system | ||
| 245 | _aOperating system concepts | ||
| 260 |
_bWiley India _c2010 |
||
| 082 |
_a5.43 _bSIL |
||
| 300 | _a972 | ||
| 546 |
_aENGLISH _cPAMPHALETS |
||
| 999 |
_c30334 _d30334 |
||